000 00604nam a22001937a 4500
005 20251108165227.0
008 250721s1983 xx 000 0 ara d
082 1 4 _a612.6401/أوب
100 1 _aاوينهايمر، ستيفن ب
_eمؤلف
245 1 0 _aمقدمة للتكوين الجنيني /
246 1 1 _aIntroduction to embryonic development
264 1 _aلندن :
_bشركة الين وبيكون،
_c1983.
300 _a592ص : مص
650 1 7 _aعلم الأجنة
650 1 7 _aالتناسل
700 1 _aلطفي، رمسيس
_eترجمة
942 _2ddc
_cBK
999 _c22645
_d22645